Nazwy Państw w ich językach urzędowych - Statystyki

Ogólne statystyki
  • Ten quiz został rozwiązany 63 razy
  • Średni wynik to 35 z 43
Statystyki odpowiedzi
Państwo w języku urzędowym Państwo w jęzku polskim % Poprawnych
Italia Włochy
98%
Pilipinas Filipiny
96%
La France Francja
96%
España Hiszpania
96%
Indonesia Indonezja
96%
Norge Norwegia
96%
România Rumunia
96%
Azərbaycan Azerbejdżan
95%
Česká republika Czechy
95%
Danmark Dania
95%
Ísland Islandia
95%
Lietuva Litwa
95%
Polska Polska
95%
Portugal Portugalia
95%
Türkiye Turcja
95%
Россия Rosja
93%
المملكة العربية السعودية Arabia Saudyjska
91%
日本 Japonia
91%
Latvija Łotwa
91%
中國 Chiny
89%
Қазақстан Kazachstan
89%
Slovensko Słowacja
89%
Eesti Estonia
88%
Schweiz (nazwa po Niemiecku) Szwajcaria
88%
Беларусі Białoruś
86%
Hrvatska Chorwacja
86%
Україна Ukraina
84%
Македонија Macedonia
82%
Ελλάδα Grecja
80%
Lëtzebuerg Luksemburg
80%
Magyarország Węgry
80%
България Bułgaria
75%
Suomi Finlandia
75%
भारत Indie
73%
Србија Serbia
73%
Монгол Mongolia
66%
Éireann Irlandia
59%
Shqipëria Albania
57%
ישראל Izrael
54%
ประเทศไทย Tajlandia
52%
Aotearoa (nazwa po Maorysku) Nowa Zelandia
48%
Cymru Walia
25%
Matanitu Ko Viti Fidżi
13%
Nie znaleziono quizów pasujących do podanych kryteriów
Rozkład punktacji
Procent ludzi z każdym wynikiem
Percentyl według liczby udzielonych odpowiedzi
Twoja historia wyników
Nie rozwiązałeś tego quizu